000 01139nam0a22002531 4500
001 rc\839565
005 20260406121137.0
035 _a(NLR Aleph) 006021125
090 _a7429079
_c7429079
100 _a20041129d1983 |||y0rusy50 ca
101 0 _arus
102 _aRU
105 _aa |||||||||
200 1 _aМетаморфическая зональность и метаморфические комплексы
_e[Сб. ст.]
_fАН СССР, Отд-ние геологии, геофизики и геохимии, Петрогр. ком.
_g[Редкол.: Н.Л. Добрецов (отв. ред.) и др.]
210 _aМ.
_cНаука
_d1983
215 _a108 с.
_cил.
_d22
320 _aБиблиогр. в конце ст.
702 1 _4340
_7ca
_8rus
_aДобрецов
_bН. Л.
_cд-р геол.-минерал. наук
_f1936-2020
_gНиколай Леонтьевич
_9250280
_3RU\NLR\AUTH\770250336
712 0 2 _aАН СССР
_bПетрографический комитет
_3RU\NLR\AUTH\8813684
_9300416
801 0 _aRU
_bNLR
_gpsbo
801 1 _aRU
_bELAR
_2rusmarc
852 _aNLR
_j83-5/4141
942 _cBOOK
980 _aNB